What Disney Movie is the Song From? - Statistics

General Stats
  • This quiz has been taken 30 times
  • The average score is 9 of 15
Answer Stats
Question Answer % Correct
Did I Mention Descendants
87%
Evil Like Me Descendants
87%
My Year Zombies
74%
What Time Is It High School Musical 2
70%
More Than a Band Lemonade Mouth
70%
Nothing´s Wrong With Me Pixel Perfect
70%
I Want It All High School Musical 3: Senior Year
65%
Introducing Me Camp Rock 2: The Final Jam
61%
Strut Cheetah Girls
61%
Somebody Lemonade Mouth
57%
Something About the Sunshine StarStruck
52%
Step Up The Cheetah Girls
52%
Hast La Vista Camp Rock
48%
This Is Me Camp Rock
48%
Me and You Let it Shine
39%
No matching quizzes found
Score Distribution
Percent of People with Each Score
Percentile by Number Answered
Your Score History
You have not taken this quiz